[Event "WLS-ch Minor"]
[Site "Cardiff"]
[Date "2016.03.25"]
[Round "2"]
[White "Fowler, Caspian"]
[Black "Phillips, Roger"]
[Result "0-1"]
[WhiteElo "1322"]
[BlackElo "1507"]
[PlyCount "64"]
[EventDate "2016.03.25"]
[EventType "swiss"]
[EventRounds "7"]
[EventCountry "WLS"]
[SourceTitle "EXT 2022"]
[Source "ChessBase"]
[SourceDate "2021.10.06"]
[SourceVersion "1"]
[SourceVersionDate "2021.10.06"]
[SourceQuality "1"]

1. e4 e6 2. d4 d5 3. e5 c5 4. c3 Nc6 5. Nf3 Bd7 6. a3 c4 7. Be2 Nge7 8. 0-0 Ng6 9. Be3 Be7 10. Re1 0-0 11. Nbd2 b5 12. Nf1 a5 13. Ng3 b4 14. axb4 axb4 15. Qd2 bxc3 16. bxc3 Na5 17. Nh5 Nb3 18. Rxa8 Qxa8 19. Qc2 Rb8 20. Ng5 Bxg5 21. Bxg5 Rb7 22. Rb1 Ra7 23. Qb2 Ra2 24. Qxa2 Qxa2 25. Re1 Qa5 26. Bf6 Qxc3 27. Rd1 gxf6 28. Nxf6+ Kh8 29. Nxd7 Nxd4 30. Bh5 Nb3 31. Bxg6 hxg6 32. f4 Qe3+ 0-1